[Event "Est ch 2020 U18"]
[Site "?"]
[Date "2020.01.26"]
[Round "7.9"]
[White "Uibokant, Karl Oskar"]
[Black "Savinov, Matvei"]
[Result "1-0"]
[WhiteElo "1714"]
[BlackElo "1857"]
[PlyCount "65"]
[SourceVersionDate "2020.02.03"]

1. e4 c5 2. Nf3 d6 3. d4 cxd4 4. Nxd4 a6 5. Nc3 g6 6. Be2 Bg7 7. O-O e6 8. Bf3
Ne7 9. Re1 Nbc6 10. Nxc6 Nxc6 11. Bf4 Ne5 12. Be2 O-O 13. Qd2 Qc7 14. Rad1 Rd8
15. Bg5 Rd7 16. f4 Nc6 17. Kh1 b5 18. f5 exf5 19. exf5 gxf5 20. Bd3 f6 21. Nd5
Qd8 22. Bxf6 Bxf6 23. Re8+ Kg7 24. Rxd8 Rxd8 25. Nxf6 Kxf6 26. Qh6+ Ke5 27.
Qg7+ Ke6 28. Bxf5+ Kxf5 29. Qf7+ Ke4 30. Qd5+ Kf4 31. Rf1+ Kg4 32. h3+ Kg3 33.
Qg5+ 1-0

[Event "Est ch 2020 U18"]
[Site "?"]
[Date "2020.01.26"]
[Round "7.10"]
[White "Nazarov, Vladislav"]
[Black "Nikitin, Arseni"]
[Result "1/2-1/2"]
[WhiteElo "1761"]
[BlackElo "1878"]
[PlyCount "50"]
[SourceVersionDate "2020.02.03"]

1. c4 Nf6 2. d4 g6 3. Nc3 d5 4. cxd5 Nxd5 5. e4 Nxc3 6. bxc3 Bg7 7. Nf3 O-O 8.
Bc4 c5 9. O-O Qc7 10. Qb3 Nc6 11. dxc5 Ne5 12. Nxe5 Bxe5 13. Bh6 Rd8 14. Bxf7+
Kh8 15. f4 Qxc5+ 16. Kh1 Bc7 17. Qc4 Qa5 18. Bd5 e5 19. Bg5 Rf8 20. Be7 Bd7 21.
Bxf8 Rxf8 22. Qb4 Qxb4 23. cxb4 exf4 24. Bxb7 Bb5 25. Rfd1 Be2 1/2-1/2

[Event "Est ch 2020 U18"]
[Site "?"]
[Date "2020.01.26"]
[Round "7.11"]
[White "Tomson, Mihkel"]
[Black "Rikas, Artur"]
[Result "1/2-1/2"]
[WhiteElo "1727"]
[BlackElo "1809"]
[PlyCount "129"]
[SourceVersionDate "2020.02.03"]

1. d4 Nf6 2. Bf4 d5 3. Nf3 e6 4. e3 Bd6 5. Bg3 c6 6. c3 Qc7 7. Bd3 Nbd7 8. Nbd2
Ng4 9. Bxd6 Qxd6 10. h3 Ngf6 11. Qc2 c5 12. O-O-O c4 13. Be2 Qc6 14. g4 b5 15.
g5 Ng8 16. e4 Ne7 17. exd5 Nxd5 18. Ne5 Qc7 19. Bf3 Bb7 20. Nxd7 Qxd7 21. Ne4
Qc7 22. Qe2 Nf4 23. Qe3 Nd3+ 24. Kb1 a5 25. Nc5 Nxc5 26. dxc5 Bxf3 27. Qxf3 O-O
28. c6 Rac8 29. Rd7 Qxc6 30. Qxc6 Rxc6 31. Rb7 Rc5 32. Rg1 Rd8 33. Rg4 g6 34.
Rf4 Rcd5 35. a3 R8d7 36. Rb8+ Kg7 37. h4 a4 38. Re4 Rd1+ 39. Ka2 Rh1 40. Rd4
Rxd4 41. cxd4 Rxh4 42. Rxb5 Rxd4 43. Rb4 h5 44. gxh6+ Kxh6 45. Rxa4 g5 46. Ra7
f5 47. Re7 g4 48. Rxe6+ Kg5 49. Re2 Kf4 50. a4 Kf3 51. Rc2 c3 52. bxc3 Rxa4+
53. Kb3 Ra8 54. c4 f4 55. c5 g3 56. fxg3 fxg3 57. Kb4 g2 58. Rxg2 Kxg2 59. Kb5
Kf3 60. Kb6 Ke4 61. Kb7 Ra1 62. c6 Kd5 63. c7 Rb1+ 64. Ka8 Rc1 65. Kb8 1/2-1/2

[Event "Est ch 2020 U18"]
[Site "?"]
[Date "2020.01.26"]
[Round "7.12"]
[White "Snitsarenko, Igor"]
[Black "Makarov, Gleb"]
[Result "1-0"]
[WhiteElo "1818"]
[BlackElo "1671"]
[PlyCount "119"]
[SourceVersionDate "2020.02.03"]

1. e4 c6 2. d4 d5 3. e5 Bf5 4. h4 h5 5. Bd3 Bxd3 6. Qxd3 Nd7 7. e6 Ndf6 8.
exf7+ Kxf7 9. Nf3 Nh6 10. Nbd2 e6 11. Ng5+ Ke7 12. O-O Nf7 13. Ndf3 Ne8 14. Re1
Nxg5 15. Nxg5 Nc7 16. Bf4 Rh6 17. Nf3 Rf6 18. Bg5 Kd7 19. Bxf6 gxf6 20. Qh7+
Qe7 21. Qxh5 Bg7 22. Qg6 Rh8 23. g3 Rh6 24. Qd3 Ne8 25. a4 Nd6 26. b3 Rh5 27.
Qg6 Rh6 28. Qg4 Ne4 29. Rxe4 f5 30. Rxe6 fxg4 31. Rxe7+ Kxe7 32. Re1+ Kd6 33.
Ne5 Rh5 34. f4 gxf3 35. Nxf3 Rf5 36. Kg2 c5 37. dxc5+ Kxc5 38. Re7 Bc3 39. Rc7+
Kb4 40. Rxb7+ Ka3 41. Rxa7 Kb2 42. Rc7 Rf6 43. Rd7 Kxc2 44. Rxd5 Kxb3 45. a5
Ra6 46. Nd2+ Kb4 47. Ne4 Kc4 48. Rc5+ Kd4 49. Rxc3 Kxe4 50. Rc5 Rd6 51. Rb5
Rd2+ 52. Kh3 Ra2 53. h5 Kf3 54. Rf5+ Ke4 55. Rf8 Rxa5 56. Kh4 Ke5 57. g4 Ra4
58. h6 Ra7 59. Kh5 Re7 60. g5 1-0

[Event "Est ch 2020 U18"]
[Site "?"]
[Date "2020.01.26"]
[Round "7.13"]
[White "Padari, Tuudur Jakob"]
[Black "Kuldmaa, Tanel"]
[Result "1-0"]
[WhiteElo "1629"]
[BlackElo "1666"]
[PlyCount "60"]
[SourceVersionDate "2020.02.03"]

1. e4 c5 2. Nf3 Nc6 3. d4 cxd4 4. Nxd4 a6 5. c4 e6 6. Nc3 Qc7 7. Be2 Nf6 8. O-O
d6 9. Be3 Be7 10. Rc1 b6 11. f3 Bb7 12. Nxc6 Bxc6 13. Nd5 Bxd5 14. cxd5 Qd7 15.
dxe6 Qxe6 16. Qa4+ Qd7 17. Qxd7+ Nxd7 18. Rc6 b5 19. a4 O-O 20. Rc7 Rfd8 21.
axb5 Bf8 22. bxa6 Nc5 23. Ra1 Ne6 24. Rcc1 d5 25. exd5 Rxd5 26. f4 Bc5 27. Bxc5
Rxc5 28. Rxc5 Nxc5 29. b4 Ne6 30. Bf3 Rb8 1-0

[Event "Est ch 2020 U18"]
[Site "?"]
[Date "2020.01.26"]
[Round "8.1"]
[White "Andrijashkin, Deniss"]
[Black "Chukavin, Kirill"]
[Result "0-1"]
[WhiteElo "1955"]
[BlackElo "2336"]
[PlyCount "120"]
[SourceVersionDate "2020.02.03"]

1. Nf3 Nf6 2. g3 d5 3. Bg2 e6 4. O-O c5 5. d3 Nc6 6. Nbd2 Be7 7. e4 O-O 8. e5
Nd7 9. Re1 Qc7 10. Qe2 b5 11. h4 Bb7 12. Nf1 Rfc8 13. Bf4 a5 14. N1h2 b4 15.
Ng4 Bf8 16. h5 h6 17. Qd2 Qd8 18. c4 bxc3 19. bxc3 Ba6 20. Rab1 Rab8 21. Bf1
Rxb1 22. Rxb1 Rb8 23. Qc2 Rc8 24. Bg2 Rb8 25. Bf1 Qe8 26. Rxb8 Qxb8 27. Be2 Qa8
28. Qb1 Qe8 29. Bd1 Qb8 30. Qxb8 Ncxb8 31. Bc2 Nb6 32. Kf1 Nc6 33. Ke2 d4 34.
Bd2 dxc3 35. Bxc3 Nb4 36. Bxb4 cxb4 37. Ne3 Bc5 38. Kd2 Bb7 39. d4 Be7 40. Ke2
Kf8 41. Nd2 Nd5 42. Nxd5 Bxd5 43. Bb3 Bc6 44. Kd3 Ke8 45. f4 Kd7 46. g4 g6 47.
Ne4 gxh5 48. gxh5 a4 49. Bc4 b3 50. axb3 a3 51. Nc3 Bf3 52. Ke3 Bxh5 53. Bb5+
Kd8 54. Be2 Bxe2 55. Kxe2 Kd7 56. Kf3 h5 57. Ke4 Kc6 58. f5 Bb4 59. Na2 Bd2 60.
f6 h4 0-1

[Event "Est ch 2020 U18"]
[Site "?"]
[Date "2020.01.26"]
[Round "8.2"]
[White "Aga, Rihard"]
[Black "Vaino, Nikita"]
[Result "1-0"]
[WhiteElo "2057"]
[BlackElo "1894"]
[PlyCount "99"]
[SourceVersionDate "2020.02.03"]

1. d4 d5 2. c4 e6 3. Nc3 Nf6 4. Nf3 c5 5. dxc5 Bxc5 6. cxd5 Nxd5 7. e4 Nxc3 8.
Qxd8+ Kxd8 9. bxc3 Ke7 10. Be2 b6 11. O-O Ba6 12. Bxa6 Nxa6 13. Bf4 Rac8 14.
Nd4 Bd6 15. Bxd6+ Kxd6 16. Nb5+ Ke7 17. Rab1 Ra8 18. Rfd1 Nc5 19. f3 Rhd8 20.
Rd4 a6 21. Rxd8 Kxd8 22. Nd6 Ke7 23. Rxb6 Na4 24. Rc6 Nxc3 25. Nxf7 Nxa2 26.
Ng5 a5 27. e5 Nb4 28. Rc7+ Kf8 29. Nxe6+ Kg8 30. Rxg7+ Kh8 31. Rb7 Nc6 32. Ng5
Nxe5 33. Nxh7 Ra6 34. f4 Nc4 35. Rc7 a4 36. Nf6 Rxf6 37. Rxc4 Ra6 38. Rc2 a3
39. Ra2 Kg7 40. Kf2 Kf6 41. Ke3 Kf5 42. g3 Kg4 43. Kd3 Kh3 44. Kc3 Ra8 45. Kb3
Ra7 46. Rxa3 Rb7+ 47. Kc4 Kxh2 48. g4 Rg7 49. Kd5 Rxg4 50. f5 1-0

[Event "Est ch 2020 U18"]
[Site "?"]
[Date "2020.01.26"]
[Round "8.3"]
[White "Protassov, Vlad"]
[Black "Pedoson, Georg Aleksander"]
[Result "1/2-1/2"]
[WhiteElo "1957"]
[BlackElo "2241"]
[PlyCount "24"]
[SourceVersionDate "2020.02.03"]

1. d4 Nf6 2. c4 e5 3. dxe5 Ng4 4. Bf4 Nc6 5. Nf3 Bb4+ 6. Nc3 Qe7 7. Qd5 Bxc3+
8. bxc3 Qa3 9. Qd2 Qc5 10. e3 Qe7 11. Qd5 Qa3 12. Qd2 Qe7 1/2-1/2

[Event "Est ch 2020 U18"]
[Site "?"]
[Date "2020.01.26"]
[Round "8.4"]
[White "Shnurov, Daniil"]
[Black "Uibokant, Mathias Robert"]
[Result "0-1"]
[WhiteElo "1752"]
[BlackElo "2126"]
[PlyCount "108"]
[SourceVersionDate "2020.02.03"]

1. d4 e6 2. c4 Nf6 3. Nf3 b6 4. a3 Bb7 5. Nc3 Ne4 6. Nxe4 Bxe4 7. Bf4 d6 8. e3
Nd7 9. Bd3 Nf6 10. Bxe4 Nxe4 11. Qd3 f5 12. Nd2 Nxd2 13. Qxd2 Be7 14. Rc1 O-O
15. h3 Bf6 16. Qe2 e5 17. dxe5 dxe5 18. Bh2 Qe7 19. O-O Rad8 20. Rfd1 g5 21.
Rxd8 Rxd8 22. Rd1 Kg7 23. Kf1 Rd7 24. f3 Qd8 25. Ke1 f4 26. Bg1 h5 27. e4 Kh6
28. Rd5 c6 29. Rd2 g4 30. fxg4 Bh4+ 31. Kd1 hxg4 32. hxg4 Kg5 33. b4 Qc8 34.
Qf3 Rxd2+ 35. Kxd2 Qd7+ 36. Qd3 Be1+ 37. Ke2 Qxd3+ 38. Kxd3 Kxg4 39. Bh2 Bf2
40. b5 c5 41. a4 Bd4 42. Ke2 Be3 43. Kd3 Bf2 44. Ke2 Bd4 45. Ke1 f3 46. Kf1 Kh4
47. gxf3 Kh3 48. Bxe5 Bxe5 49. Kf2 Bd4+ 50. Kf1 Kg3 51. Ke2 Kf4 52. Kd2 Kxf3
53. Kd3 Kf4 54. Kc2 Kxe4 0-1

[Event "Est ch 2020 U18"]
[Site "?"]
[Date "2020.01.26"]
[Round "8.5"]
[White "Sadekov, Maksim"]
[Black "Orgse, Karl Kristofer"]
[Result "1-0"]
[WhiteElo "1874"]
[BlackElo "1969"]
[PlyCount "97"]
[SourceVersionDate "2020.02.03"]

1. d4 Nf6 2. c4 e6 3. Nf3 d5 4. Nc3 c6 5. Bg5 h6 6. Bxf6 Qxf6 7. e3 g6 8. Bd3
dxc4 9. Bxc4 Nd7 10. O-O Bg7 11. Ne4 Qe7 12. Qb3 O-O 13. Rfd1 e5 14. d5 cxd5
15. Bxd5 Nb6 16. Nc3 Nxd5 17. Nxd5 Qc5 18. Rac1 Qa5 19. Ne7+ Kh7 20. Rxc8 Raxc8
21. Nxc8 Rxc8 22. Qxf7 Qa4 23. b3 Qxa2 24. h3 Rf8 25. Qxb7 Qc2 26. Rd7 Rg8 27.
Nxe5 Qb1+ 28. Kh2 Qf5 29. f4 g5 30. Rf7 Qc2 31. f5 Kh8 32. Ng6+ Kh7 33. Nf8+
Kh8 34. f6 Bxf8 35. Rxf8 Qg6 36. Rxg8+ Kxg8 37. Qe7 Qf7 38. Kg3 h5 39. Qxf7+
Kxf7 40. Kf3 Kxf6 41. Ke4 Ke6 42. g3 a5 43. g4 h4 44. Kd4 Kd6 45. e4 Ke6 46. e5
Kd7 47. Kd5 Ke7 48. e6 Ke8 49. Ke5 1-0

[Event "Est ch 2020 U18"]
[Site "?"]
[Date "2020.01.26"]
[Round "8.6"]
[White "Pedmanson, Herman"]
[Black "Rõtshagov, Nikita"]
[Result "0-1"]
[WhiteElo "1931"]
[BlackElo "1953"]
[PlyCount "56"]
[SourceVersionDate "2020.02.03"]

1. e4 e5 2. Bc4 Nf6 3. d3 c6 4. Nf3 d5 5. exd5 cxd5 6. Bb5+ Bd7 7. Bxd7+ Nbxd7
8. O-O Bd6 9. c4 d4 10. Bg5 O-O 11. Nbd2 Qc7 12. Qc2 h6 13. Bxf6 Nxf6 14. Rac1
b6 15. Rfe1 Rfe8 16. Qa4 a5 17. a3 Nd7 18. Re2 f5 19. Rce1 Nc5 20. Qc2 e4 21.
Nxd4 Nxd3 22. Rf1 Qd7 23. Nb5 Be5 24. b3 Rac8 25. f3 Nf4 26. Ree1 e3 27. Nb1
Qxb5 28. Qxf5 Qc5 0-1

[Event "Est ch 2020 U18"]
[Site "?"]
[Date "2020.01.26"]
[Round "8.7"]
[White "Naestema, Joonas Aditya"]
[Black "Olde, Karl Erik"]
[Result "0-1"]
[WhiteElo "1563"]
[BlackElo "1940"]
[PlyCount "52"]
[SourceVersionDate "2020.02.03"]

1. e4 c5 2. Nf3 Nc6 3. d4 cxd4 4. Nxd4 Nf6 5. Nc3 d6 6. Be3 Ng4 7. Bg5 Qb6 8.
Bb5 e5 9. Nd5 Qxd4 10. Bxc6+ bxc6 11. Qxd4 exd4 12. Nc7+ Kd7 13. Nxa8 Bb7 14.
h3 Nf6 15. O-O-O Nxe4 16. Bh4 g5 17. Rxd4 gxh4 18. Rxe4 Bxa8 19. Ra4 Bh6+ 20.
Kd1 c5 21. Rxa7+ Ke6 22. Re1+ Kf6 23. g4 Bf3+ 24. Re2 Re8 25. Rd7 Rxe2 26.
Rxd6+ Re6# 0-1

[Event "Est ch 2020 U18"]
[Site "?"]
[Date "2020.01.26"]
[Round "8.8"]
[White "Uibokant, Karl Oskar"]
[Black "Snitsarenko, Igor"]
[Result "1/2-1/2"]
[WhiteElo "1714"]
[BlackElo "1818"]
[PlyCount "57"]
[SourceVersionDate "2020.02.03"]

1. e4 c5 2. Nf3 e6 3. d4 cxd4 4. Nxd4 a6 5. Nc3 Qc7 6. Be2 Nf6 7. O-O Bb4 8.
Qd3 Nc6 9. Nxc6 bxc6 10. a3 Be7 11. Qg3 Qxg3 12. hxg3 d5 13. exd5 cxd5 14. Na4
O-O 15. Nb6 Rb8 16. Nxc8 Rfxc8 17. Bxa6 Rxc2 18. b4 d4 19. Bf4 Rd8 20. Rad1 Ng4
21. f3 Ne3 22. Bxe3 dxe3 23. Rxd8+ Bxd8 24. Rd1 Bb6 25. Kh2 g6 26. a4 Rb2 27.
a5 Rd2 28. Rxd2 exd2 29. Be2 1/2-1/2

[Event "Est ch 2020 U18"]
[Site "?"]
[Date "2020.01.26"]
[Round "8.9"]
[White "Raide, Sivert"]
[Black "Nikitin, Arseni"]
[Result "0-1"]
[WhiteElo "1607"]
[BlackElo "1878"]
[PlyCount "108"]
[SourceVersionDate "2020.02.03"]

1. d4 d5 2. c4 c6 3. Nf3 Nf6 4. Nc3 e6 5. Bg5 Be7 6. e3 O-O 7. cxd5 exd5 8. Rc1
Ne4 9. Bxe7 Qxe7 10. Bd3 Nd7 11. O-O f5 12. Nd2 Ndf6 13. f3 Nxc3 14. Rxc3 Qxe3+
15. Kh1 Qxd4 16. Nb3 Qb6 17. Qb1 g6 18. Nd2 Bd7 19. b3 Rae8 20. Rcc1 Kg7 21. h3
f4 22. Rfe1 Nh5 23. Nf1 Qd4 24. Qa1 Qxa1 25. Rxa1 Rxe1 26. Rxe1 Re8 27. Rxe8
Bxe8 28. Kg1 Kf6 29. Kf2 Ke5 30. Bc2 Bd7 31. Ke2 Bf5 32. Bxf5 Kxf5 33. Nh2 Ng3+
34. Kd3 h5 35. Kd4 Ke6 36. b4 b6 37. a4 Kd6 38. h4 c5+ 39. bxc5+ bxc5+ 40. Kd3
Ke5 41. a5 a6 42. Kc3 d4+ 43. Kd3 Kd5 44. Kd2 Kc4 45. Kc2 Kb4 46. Kd3 Kb3 47.
Kd2 c4 48. Kc1 Kc3 49. Kd1 Kb2 50. Kd2 d3 51. Kd1 c3 52. Ng4 c2+ 53. Ke1 c1=Q+
54. Kf2 Qf1# 0-1

[Event "Est ch 2020 U18"]
[Site "?"]
[Date "2020.01.26"]
[Round "8.10"]
[White "Kull, Tormi"]
[Black "Padari, Tuudur Jakob"]
[Result "1/2-1/2"]
[WhiteElo "1668"]
[BlackElo "1629"]
[PlyCount "56"]
[SourceVersionDate "2020.02.03"]

1. e4 e5 2. Nc3 Nf6 3. g3 Bc5 4. h3 d5 5. d3 dxe4 6. dxe4 Qxd1+ 7. Kxd1 Bxf2 8.
g4 c6 9. Nf3 Bd4 10. Bd3 Bxc3 11. bxc3 Nfd7 12. Ba3 c5 13. Rf1 f6 14. Nh4 g5
15. Nf5 Kf7 16. Bc4+ Kg6 17. Ne7+ Kg7 18. Bd5 Nc6 19. Nxc6 bxc6 20. Bxc6 Rb8
21. Bxd7 Bxd7 22. Bxc5 Rhc8 23. Bb4 Rc4 24. Be7 Rc6 25. Kd2 Re8 26. Bb4 Rc4 27.
Rae1 Rd8 28. Be7 Re8 1/2-1/2

[Event "Est ch 2020 U18"]
[Site "?"]
[Date "2020.01.26"]
[Round "8.12"]
[White "Rikas, Artur"]
[Black "Kuldmaa, Tanel"]
[Result "1-0"]
[WhiteElo "1809"]
[BlackElo "1666"]
[PlyCount "125"]
[SourceVersionDate "2020.02.03"]

1. e4 d5 2. exd5 Qxd5 3. Nc3 Qa5 4. d4 Nf6 5. Bc4 e6 6. Nf3 Nbd7 7. Bd2 c6 8.
Qe2 Qc7 9. O-O Bd6 10. Rfe1 O-O 11. Ne5 c5 12. Nb5 Qb8 13. Bf4 Bxe5 14. dxe5
Nd5 15. Bxd5 exd5 16. Qf3 a6 17. e6 fxe6 18. Bxb8 Rxf3 19. gxf3 axb5 20. Bf4
Nf6 21. Bd6 c4 22. b3 Bd7 23. f4 Ne4 24. Bb4 g6 25. f3 Nf6 26. Kf2 Kf7 27. a3
Ng8 28. Reb1 Bc6 29. h4 Ne7 30. h5 Nf5 31. hxg6+ hxg6 32. Rh1 Kg7 33. Rae1 Re8
34. Rd1 Rd8 35. Ba5 Rd7 36. Bb6 d4 37. Rh3 d3 38. cxd3 Rxd3 39. Rxd3 cxd3 40.
Rh1 Bd5 41. Rd1 Bxb3 42. Rxd3 Bd5 43. Rc3 Kf6 44. Bc7 g5 45. fxg5+ Kxg5 46. Rc5
Bc6 47. Bd8+ Kf4 48. Rc3 Ke5 49. Rd3 Bd5 50. Bc7+ Kf6 51. Ke2 Ke7 52. Be5 Nd6
53. Bxd6+ Kxd6 54. Ke3 Kc5 55. Rc3+ Kb6 56. Kd4 Ka5 57. f4 Bc4 58. Kc5 Bd5 59.
f5 b6+ 60. Kd6 b4 61. axb4+ Kxb4 62. f6 b5 63. f7 1-0

[Event "Est ch 2020 U18"]
[Site "?"]
[Date "2020.01.26"]
[Round "8.13"]
[White "Savustjan, Arseni"]
[Black "Tomson, Mihkel"]
[Result "0-1"]
[WhiteElo "1461"]
[BlackElo "1727"]
[PlyCount "50"]
[SourceVersionDate "2020.02.03"]

1. g3 d5 2. Bg2 Nf6 3. d3 e5 4. Bg5 c6 5. Nd2 Bc5 6. e4 Be6 7. Ne2 Bxf2+ 8. Kf1
Bb6 9. Ke1 Nbd7 10. Nc3 h6 11. Bxf6 Nxf6 12. Rf1 Ng4 13. Qe2 Ne3 14. Rh1 Nxc2+
15. Kd1 Nxa1 16. Rf1 d4 17. Ncb1 Bxa2 18. Qf2 Qe7 19. Qf5 Bxb1 20. Nxb1 Nb3 21.
Bh3 O-O 22. Qg4 Qg5 23. Qxg5 hxg5 24. Rf5 Nc5 25. Rxg5 Nxd3 0-1

[Event "Est ch 2020 G18"]
[Site "Tallinn"]
[Date "2020.01.23"]
[Round "1.1"]
[White "Levchenko, Marina"]
[Black "Sild, Marta Pauliine"]
[Result "0-1"]
[WhiteElo "1635"]
[BlackElo "1661"]
[PlyCount "88"]
[EventDate "2020.01.23"]
[EventType "tourn"]
[EventRounds "7"]
[EventCountry "EST"]

1. c4 e5 2. Nc3 Nc6 3. Nf3 Nf6 4. g3 d5 5. cxd5 Nxd5 6. Bg2 Nf6 7. O-O Bc5 8.
d3 O-O 9. a3 a5 10. Bg5 Be7 11. Bxf6 Bxf6 12. Ne4 Re8 13. Rc1 Ra6 14. Nfd2 Nd4
15. Nc5 Ra7 16. Ndb3 b6 17. Ne4 Bg4 18. Nxd4 exd4 19. Qc2 c5 20. Rfe1 Bg5 21.
Rb1 Be7 22. Nd2 Bf8 23. Bf3 Qd7 24. Bxg4 Qxg4 25. Nf3 Re6 26. Qd2 Be7 27. Kg2
Rh6 28. Rh1 Qh3+ 29. Kg1 Rg6 30. Qc1 h5 31. Qd2 Ra8 32. Qe1 h4 33. Qf1 Qf5 34.
Qg2 h3 35. Qf1 Re8 36. Rc1 Bf6 37. Rc2 Rh6 38. Rd2 g5 39. Rc2 g4 40. Ne1 Bg5
41. b3 Rf6 42. Rb2 Be3 43. Nf3 gxf3 44. fxe3 f2+ 0-1

[Event "Est ch 2020 G18"]
[Site "Tallinn"]
[Date "2020.01.23"]
[Round "1.2"]
[White "Smirnova, Jekaterina"]
[Black "Rudnik, Viktoria"]
[Result "1/2-1/2"]
[WhiteElo "1571"]
[BlackElo "1657"]
[PlyCount "74"]
[EventDate "2020.01.23"]
[EventType "tourn"]
[EventRounds "7"]
[EventCountry "EST"]

1. c4 c5 2. Nc3 Nc6 3. Nf3 g6 4. d3 Bg7 5. e4 d6 6. Be2 Bg4 7. O-O e6 8. h3
Bxf3 9. Bxf3 Nge7 10. Be3 Nd4 11. Be2 Nec6 12. Rb1 O-O 13. f4 b6 14. Kh1 f5 15.
Bxd4 Nxd4 16. exf5 exf5 17. Bf3 Nxf3 18. Qxf3 Bxc3 19. bxc3 Re8 20. Qd5+ Kg7
21. Rbe1 Qd7 22. d4 Rad8 23. Rd1 Re7 24. Rfe1 Rde8 25. Rxe7+ Qxe7 26. dxc5 dxc5
27. Qd7 Kf8 28. Kh2 Qxd7 29. Rxd7 Re7 30. Rd8+ Kf7 31. Ra8 h6 32. h4 Kf6 33.
Rf8+ Kg7 34. Ra8 Kf6 35. Rf8+ Kg7 36. Ra8 Kf6 37. Rf8+ Kg7 1/2-1/2

[Event "Est ch 2020 G18"]
[Site "Tallinn"]
[Date "2020.01.23"]
[Round "1.3"]
[White "Jõerand, Jenna"]
[Black "Olde, Grete"]
[Result "0-1"]
[WhiteElo "1545"]
[BlackElo "1970"]
[PlyCount "104"]
[EventDate "2020.01.23"]
[EventType "tourn"]
[EventRounds "7"]
[EventCountry "EST"]

1. e4 e5 2. f4 d5 3. exd5 exf4 4. Nc3 Qh4+ 5. Ke2 Nf6 6. Nf3 Bg4 7. g3 fxg3 8.
Qe1 Qh5 9. Bg2 Nxd5 10. Nxd5 Qxd5 11. Kf1+ Be7 12. Qxg3 Qf5 13. d3 Nc6 14. Bf4
O-O 15. h3 Bxf3 16. Bxf3 Nd4 17. Be4 Qh5 18. Rh2 Nf5 19. Qg4 Qxg4 20. hxg4 Nh4
21. Re1 Ng6 22. Bxc7 Rac8 23. Bg3 b6 24. c3 h6 25. Kg2 Bg5 26. Bf5 Rce8 27.
Bxg6 fxg6 28. Rxe8 Rxe8 29. Kh3 h5 30. Bf2 Re2 31. Bg3 Re3 32. Kg2 Rxd3 33.
gxh5 Rd2+ 34. Kf3 Rxh2 35. Bxh2 gxh5 36. c4 Be7 37. a4 Kf7 38. Bb8 a5 39. Bc7
Bc5 40. Ke4 Ke6 41. Bd8 Bf2 42. Kf3 Bd4 43. b3 Kf5 44. Be7 g5 45. b4 g4+ 46.
Kg3 Be5+ 47. Kh4 g3 48. Kh3 Ke6 49. Bd8 axb4 50. Bxb6 b3 51. c5 b2 52. c6 b1=Q
0-1

[Event "Est ch 2020 G18"]
[Site "Tallinn"]
[Date "2020.01.23"]
[Round "1.4"]
[White "Bitkova, Jelizaveta"]
[Black "Blohhin, Sofia"]
[Result "0-1"]
[WhiteElo "1606"]
[BlackElo "1951"]
[PlyCount "78"]
[EventDate "2020.01.23"]
[EventType "tourn"]
[EventRounds "7"]
[EventCountry "EST"]

1. c4 c5 2. Nc3 Nf6 3. Nf3 Nc6 4. d3 e6 5. e4 d6 6. g3 Be7 7. Bg2 O-O 8. O-O a6
9. a4 Na5 10. Rb1 Nd7 11. Bd2 Ne5 12. Nxe5 dxe5 13. Be3 Nc6 14. Qd2 Nb4 15.
Rfd1 Qd7 16. b3 Rd8 17. Bf1 b6 18. f4 Nc6 19. Qf2 Bf6 20. Ne2 Bb7 21. Rd2 Qc7
22. f5 exf5 23. Qxf5 Nd4 24. Nxd4 cxd4 25. Bf2 Bc8 26. Qf3 Bg5 27. Rdb2 Qc6 28.
Kg2 f5 29. exf5 Qxf3+ 30. Kxf3 Bxf5 31. g4 Bd7 32. h4 Rf8+ 33. Kg3 Bf4+ 34. Kh3
Rf6 35. Bg2 Raf8 36. Bg3 Bxg4+ 37. Kxg4 Rg6+ 38. Kh3 Rxg3+ 39. Kh2 Rxd3+ 0-1

[Event "Est ch 2020 G18"]
[Site "Tallinn"]
[Date "2020.01.24"]
[Round "2.1"]
[White "Sild, Marta Pauliine"]
[Black "Blohhin, Sofia"]
[Result "0-1"]
[WhiteElo "1661"]
[BlackElo "1951"]
[PlyCount "64"]
[EventDate "2020.01.23"]
[EventType "tourn"]
[EventRounds "7"]
[EventCountry "EST"]

1. e4 c5 2. Nf3 e6 3. c3 Nc6 4. d4 d5 5. e5 Qb6 6. b3 cxd4 7. cxd4 Bb4+ 8. Bd2
Nxd4 9. Nc3 Ne7 10. Bd3 Bd7 11. O-O Nxf3+ 12. Qxf3 Qa5 13. Rfc1 Bc6 14. Qe2 Ng6
15. g3 d4 16. Ne4 Bxe4 17. Qxe4 Bxd2 18. Qxb7 O-O 19. Bxg6 hxg6 20. Rc7 Qb6 21.
Rxf7 Qxb7 22. Rxb7 Bc3 23. Rd1 Rf7 24. Rb5 Rf3 25. Rb7 Raf8 26. Rxa7 Rxf2 27.
Re7 Rxa2 28. Rxe6 Rff2 29. Rxg6 Rfe2 30. Rb6 Rxe5 31. b4 d3 32. Rb8+ Kh7 0-1

[Event "Est ch 2020 G18"]
[Site "Tallinn"]
[Date "2020.01.24"]
[Round "2.2"]
[White "Olde, Grete"]
[Black "Bitkova, Jelizaveta"]
[Result "1-0"]
[WhiteElo "1970"]
[BlackElo "1606"]
[PlyCount "71"]
[EventDate "2020.01.23"]
[EventType "tourn"]
[EventRounds "7"]
[EventCountry "EST"]

1. e4 c5 2. Nc3 Nc6 3. g3 d6 4. Bg2 Nf6 5. d3 g6 6. f4 Bg7 7. Nf3 O-O 8. O-O
Rb8 9. h3 Nd7 10. g4 Nd4 11. Be3 Nxf3+ 12. Bxf3 b5 13. a3 a5 14. Qd2 b4 15.
axb4 axb4 16. Nd1 Nb6 17. f5 e6 18. Bg2 Nd7 19. Bh6 exf5 20. exf5 Bb7 21. Bxg7
Kxg7 22. Bxb7 Rxb7 23. Qg2 Rb8 24. Ne3 g5 25. f6+ Nxf6 26. Ra6 Rb6 27. Rxb6
Qxb6 28. Rxf6 c4 29. Qf2 Qc5 30. Rxd6 Kg8 31. Nf5 Qxf2+ 32. Kxf2 cxd3 33. Rxd3
Ra8 34. Rd4 Rb8 35. Ne7+ Kf8 36. Nc6 1-0

[Event "Est ch 2020 G18"]
[Site "Tallinn"]
[Date "2020.01.24"]
[Round "2.3"]
[White "Rudnik, Viktoria"]
[Black "Jõerand, Jenna"]
[Result "0-1"]
[WhiteElo "1657"]
[BlackElo "1545"]
[PlyCount "116"]
[EventDate "2020.01.23"]
[EventType "tourn"]
[EventRounds "7"]
[EventCountry "EST"]

1. d4 d5 2. Bf4 Nf6 3. e3 e6 4. c3 Bd6 5. Bg3 Bxg3 6. hxg3 b6 7. Nf3 Bb7 8.
Nbd2 Nbd7 9. Bd3 Qe7 10. Qc2 g6 11. O-O-O O-O-O 12. Kb1 Kb8 13. c4 c5 14. Rhe1
Ng4 15. Re2 e5 16. dxe5 Ndxe5 17. Nxe5 Nxe5 18. f3 Nxd3 19. Qxd3 dxc4 20. Qxc4
f5 21. Qc2 Ba6 22. Nb3 Bxe2 23. Qxe2 Rxd1+ 24. Qxd1 Rd8 25. Qe2 Qd6 26. Kc2
Qxg3 27. Nd2 Re8 28. Nc4 b5 29. Nd2 a6 30. Nf1 Qf4 31. b3 Qb4 32. Qd3 c4 33.
bxc4 bxc4 34. Qd7 Re7 35. Qd8+ Kb7 36. Qd5+ Kb6 37. Qd4+ Qc5 38. Qf6+ Ka5 39.
Qc3+ Qb4 40. Qd4 Rb7 41. Nd2 Qa4+ 42. Kc3 Qa3+ 43. Kc2 Qxa2+ 44. Kd1 Qa4+ 45.
Ke1 Qb4 46. Qa1+ Qa4 47. Qc3+ Qb4 48. Qa1+ Kb5 49. Qe5+ Ka4 50. Qa1+ Qa3 51.
Qd1+ Kb5 52. Qe2 Rc7 53. Kf2 Kb4 54. Nb1 Qc1 55. Nd2 c3 56. Nf1 c2 57. Qxa6
Qxf1+ 58. Qxf1 c1=Q 0-1

[Event "Est ch 2020 G18"]
[Site "Tallinn"]
[Date "2020.01.24"]
[Round "2.4"]
[White "Levchenko, Marina"]
[Black "Smirnova, Jekaterina"]
[Result "1/2-1/2"]
[WhiteElo "1635"]
[BlackElo "1571"]
[PlyCount "57"]
[EventDate "2020.01.23"]
[EventType "tourn"]
[EventRounds "7"]
[EventCountry "EST"]

1. c4 c5 2. Nf3 Nf6 3. Nc3 Nc6 4. e3 e5 5. d4 cxd4 6. exd4 exd4 7. Nxd4 Bc5 8.
Nxc6 bxc6 9. Be2 O-O 10. O-O d5 11. cxd5 cxd5 12. Bf3 Be6 13. Bg5 Rb8 14. b3
Be7 15. Qd3 h6 16. Bxf6 Bxf6 17. Rad1 Bxc3 18. Qxc3 Qd6 19. Rd4 Rfd8 20. Rfd1
Rb5 21. Qd3 Rc5 22. h3 Qc7 23. Rd2 Rc3 24. Qe2 Rc1+ 25. Rd1 Rc2 26. R1d2 Rc1+
27. Rd1 Rc2 28. R1d2 Rc1+ 29. Rd1 1/2-1/2

[Event "Est ch 2020 G18"]
[Site "Tallinn"]
[Date "2020.01.24"]
[Round "3.1"]
[White "Smirnova, Jekaterina"]
[Black "Sild, Marta Pauliine"]
[Result "1-0"]
[WhiteElo "1571"]
[BlackElo "1661"]
[PlyCount "145"]
[EventDate "2020.01.23"]
[EventType "tourn"]
[EventRounds "7"]
[EventCountry "EST"]

1. d4 c5 2. d5 e5 3. c4 d6 4. e4 Nf6 5. Nc3 g6 6. Nf3 Bg7 7. Bd3 O-O 8. O-O Na6
9. a3 Bd7 10. Rb1 Rc8 11. Bg5 Qb6 12. Qd2 Rfe8 13. Bh6 Bh8 14. Nh4 Ng4 15. Bg5
f6 16. Be3 Nxe3 17. Qxe3 Rf8 18. f4 Qd8 19. fxe5 fxe5 20. Qg3 Bg7 21. Rxf8+
Qxf8 22. Rf1 Qe7 23. Nf3 Rf8 24. Rb1 Rf4 25. Ne2 Rf8 26. b4 cxb4 27. axb4 Bc8
28. h3 Nc7 29. Qf2 b6 30. Rc1 Na6 31. Rb1 Nb8 32. Kh1 Nd7 33. Nc3 Nf6 34. Nb5
Nh5 35. Kh2 Nf4 36. Bf1 Bh6 37. Qh4 Qxh4 38. Nxh4 g5 39. Nf5 Bxf5 40. exf5 Rxf5
41. Nxd6 Rf8 42. Ra1 Ng6 43. Bd3 Nf4 44. Be4 Rf6 45. Nf5 Bf8 46. Rxa7 Bxb4 47.
Ne7+ Kf8 48. Nc6 Bc5 49. Ra8+ Kg7 50. Ra7+ Kf8 51. Rxh7 Bd4 52. Rh8+ Kg7 53.
Ra8 Ne2 54. Ra7+ Kf8 55. Ra8+ Kg7 56. Nxd4 exd4 57. Bf3 d3 58. Bxe2 dxe2 59.
Re8 Rf4 60. Rxe2 Rxc4 61. Rd2 Rc8 62. d6 Rd8 63. d7 Kf7 64. Rd6 Ke7 65. Rxb6
Rxd7 66. Rb5 Kf6 67. Rb4 Rh7 68. Kg3 Rg7 69. Kg4 Rg8 70. Rb6+ Ke5 71. Rb5+ Kf6
72. Rf5+ Ke6 73. Rxg5 1-0